French Made Easy/ (Record no. 189107)

MARC details
000 -LEADER
fixed length control field 00575nam a22001817a 4500
005 - DATE AND TIME OF LATEST TRANSACTION
control field 20220620110359.0
010 ## - LCCN (DPL NO)
LC control number ENG-133264
020 ## - INTERNATIONAL STANDARD BOOK NUMBER
International Standard Book Number 9788183821865
Terms of availability 150.00
035 ## - SYSTEM CONTROL NUMBER
System control number EN-116796
037 ## - SOURCE OF ACQUISITION
Source of stock number/acquisition DBAD/PUB
082 ## - DEWEY DECIMAL CLASSIFICATION NUMBER
Classification number 485
100 ## - MAIN ENTRY--PERSONAL NAME
Personal name Khan, Faizullah
245 ## - TITLE STATEMENT
Title French Made Easy/
Statement of responsibility, etc Faizullah Khan
260 ## - PUBLICATION, DISTRIBUTION, ETC. (IMPRINT)
Place of publication, distribution, etc New Delhi
Name of publisher, distributor, etc Lotus Press
Date of publication, distribution, etc 2012
270 ## - ADDRESS
Address Unit No. 220, 2nd Floor, 4735/22, Prakash Deep Building, Ansari Road, Darya Ganj
City New Delhi
Postal code 110002
Electronic mail address lotus_press@sify.com
300 ## - PHYSICAL DESCRIPTION
Extent 155p.
Dimensions 22cm(pbk)
942 ## - ADDED ENTRY ELEMENTS (KOHA)
Source of classification or shelving scheme Dewey Decimal Classification
Item type English Books
Classification part 485
Call number suffix KHA
Holdings
Withdrawn status Lost status Not for loan Collection code Home library Current library Date acquired Source of acquisition Cost, normal purchase price Full call number Barcode Copy number Cost, replacement price Koha item type
      Non-fiction Kasturba Gandhi Marg Kasturba Gandhi Marg 20/06/2022 DBAD/PUB 150.00 485 KHA EN-116796 1 150.00 English Books

© Delhi Public Library
Hit Counter
free hit counter